Villes mondiales finissant par O #1 - Statistiques

Statistiques générales
  • Ce quiz a été pris 110 fois
    45 depuis la dernière actualisation
  • Le résultat moyen est 12 sur 20
Statistiques - réponses
Question Ville % Correct
Capitale de la Norvège Oslo
97%
Dans le même pays, il y a un célèbre carnaval Rio de Janeiro
97%
Capitale du Madagascar Antananarivo
94%
Capitale du Mali Bamako
92%
Troisième plus grande ville des États-Unis Chicago
83%
Capitale du Bénin Porto Novo
83%
Et celle du Sri Lanka Colombo
78%
Interlagos accueille la F1 dans la banlieue de cette grande ville brésilienne Sao Paulo
67%
Capitale du pays de Sergio Perez Mexico
64%
Tony Parker a joué 17 saisons pour les Spurs de _ _ _ _ _ _ _ _ _ _ San Antonio
61%
Au Portugal, plus précisément en Algarve Faro
53%
Chef Lieu de l'île-préfecture d'Hokkaido Sapporo
50%
Quartier sud-africain symbole de lutte contre l'Apartheid Soweto
50%
Préfecture de la Manche Saint-Lô
47%
Pas capitale mais plus grande ville de ce grand pays ayant accueilli les JO d'hiver Toronto
39%
Seconde ville du Nigéria Kano
33%
Nom d'une ville Italienne pas loin de la France et dont le nom devrait être coupé en 2 SanRemo
22%
Ville de l'Ohio qui en changeant la dernière lettre devient une ville d'Espagne Toledo
19%
Dans le Tessin avec un lac au même nom Lugano
17%
Ville japonaise signifiant long champ Nagano
14%
Aucun quiz correspondant
Distribution des résultats
% des personnes avec chaque résultat
Percentile par nombre de réponses
Votre historique - résultats
Vous n’avez pas pris ce quiz depuis la dernière actualisation